000
00289nam a2200121Ia 4500
008
220204s9999 xx 000 0 und d
082
_a
052
_b
HEY
100
_a
HEY, J S
245
0
_a
Evolution of radio astronomy
260
_a
London
_b
Elek
_c
1973
650
_a
Radio astronomy
942
_c
BK
999
_c
25499
_d
25499